X in Every Category Quiz Stats

Quiz Updated Jun 15, 2016

Challenge
Share
Tweet
Embed
Score 0/45 Timer 20:00
2 Plays Today
Hint Answer % Correct
MoviesX-Men
88%
MusicXylophone
84.9%
SportsX Games
83.5%
TelevisionThe X Files
82.5%
TelevisionXena
81.4%
Just For FunXOXO
80.2%
HolidayX-mas
79.9%
MusicThe X Factor
79.1%
GamingXbox
77%
ScienceXenon
73.7%
MiscellaneousXerox
67.2%
HistoryXerxes I
62.8%
SportsXavi (Xavier)
61.1%
MiscellaneousXanax
60.5%
HolidayX-ray Day
45.8%
LiteratureXanadu
43.2%
TelevisionXander Harris
39.9%
EntertainmentXzibit
37.4%
Just For FunXaxaxa
34.4%
ScienceXylem
30.9%
MoviesXenomorph
30.4%
Just For FunXP
29.4%
LiteratureXanth
25.3%
Hint Answer % Correct
MoviesXXY
20.3%
ReligionXenu
19.8%
EntertainmentXKCD
19.2%
HistoryXu
18.3%
SportsXcel Energy Center
15.2%
MusicXTC
15.1%
LanguageXhosa
14%
ScienceXylitol
13.2%
HolidayX-Day
13%
LanguageXiang
11.1%
MiscellaneousXeriscaping
9.6%
LiteratureXenocide
7.7%
HistoryXenophon
7%
GeographyXinjiang
6.8%
EntertainmentXanga
6.1%
GamingXenogears
3.8%
GeographyXalapa (-Enríquez)
3.3%
ReligionXibalba
3.1%
GeographyXai-Xai
2.4%
GamingXel'Naga
2.4%
ReligionXolotl
2.3%
LanguageX-SAMPA
1.3%

You're not logged in!

Compare scores with friends on all Sporcle quizzes.
Join for Free
OR
Log In

You Might Also Like...

Show Comments

Extras

Top Quizzes Today


Score Distribution

Your Account Isn't Verified!

In order to create a playlist on Sporcle, you need to verify the email address you used during registration. Go to your Sporcle Settings to finish the process.

Report this User

Report this user for behavior that violates our Community Guidelines.

Details: